| 000 | 006700000a22002290004500 | ||
|---|---|---|---|
| 001 | 48443 | ||
| 010 | _a972-33-0812-6 | ||
| 021 |
_aPT _b74974/94 |
||
| 100 | _a20030212d2003 k y0pory5003 ba | ||
| 101 | 0 | _apor | |
| 102 | _aPT | ||
| 200 | 1 |
_aNovos contos do Gin _fMário-Henrique Leiria |
|
| 205 | _a4.ª ed | ||
| 210 |
_aLisboa _cEsrampa _d1989 |
||
| 215 | _a219 p | ||
| 225 | 2 |
_aFicções _v13 |
|
| 606 |
_92169 _aLiteratura portuguesa _xConto |
||
| 675 |
_a821.134.3-34"19" _vBN _zpor |
||
| 700 | 1 |
_927336 _aLeiria _bMário-Henrique _f1923-1980 |
|
| 090 | _a48443 | ||
| 942 |
_cMON _n0 |
||
| 999 | _a48443 | ||